The Princess and the Frog - Characters by Picture - Statistics

General Stats
  • This quiz has been taken 125 times
  • The average score is 8 of 15
Answer Stats
Picture Answer % Correct
Tiana
100%
Prince Naveen
94%
Ray
80%
Charlotte 'Lottie' La Bouf
78%
Mama Odie
69%
Louis
68%
Dr. Facilier
58%
Eli 'Big Daddy' La Bouf
48%
Stella
36%
Eudora
31%
Lawrence
31%
James
28%
Juju
24%
The Fenner Brothers
24%
Ian
14%
No matching quizzes found
Score Distribution
Percent of People with Each Score
Percentile by Number Answered
Your Score History
You have not taken this quiz